书目信息 |
| 题名: |
历史语言学
|
|
| 作者: | 侍建国 著 | |
| 分册: | ||
| 出版信息: | 北京 中国社会科学出版社 2011.2 |
|
| 页数: | 306页 | |
| 开本: | 24cm | |
| 丛书名: | 当代语言学理论丛书 | |
| 单 册: | ||
| 中图分类: | H0-09 | |
| 科图分类: | ||
| 主题词: | 语言学史--研究 | |
| 电子资源: | ||
| ISBN: | 978-7-5004-9537-6 | |
| 000 | 01266oam2 2200289 45 | |
| 001 | 1359664890 | |
| 005 | 20130529090824.71 | |
| 010 | @a978-7-5004-9537-6@dCNY45.00 | |
| 100 | @a20130513d2011 em y0chiy0110 ea | |
| 101 | 0 | @achi |
| 102 | @aCN@b110000 | |
| 105 | @aa a 000yy | |
| 106 | @ar | |
| 200 | 1 | @a历史语言学@ALi Shi Yu Yan Xue@dHistorical linguistics : dialectal comparison and historical strata@f侍建国著@FShi Jian Guo Zhu@zeng |
| 210 | @a北京@c中国社会科学出版社@d2011.2 | |
| 215 | @a306页@c图@d24cm | |
| 225 | 2 | @a当代语言学理论丛书 |
| 320 | @a有书目 (第293-306页) | |
| 330 | @a本书在评述19世纪的历史比较法和20世纪的社会语言学研究的基础上,对若干汉语方音的历史层次做了全面的分析,提出并论证了“区域分化”是汉语方音历史演变的基本模式。针对汉语方言独特的、具有历史层次意义的“文白异读”现象,作者论证了这类现象本质上反映了语言社团中不同社会阶层的语言标记,而语言融合则是解释语言演变的过程。 | |
| 461 | 0 | @12001 @a当代语言学理论丛书 |
| 510 | 1 | @aHistorical linguistics@edialectal comparison and historical strata@zeng |
| 517 | 1 | @a方音比较与层次@AFang Yin Bi Jiao Yu Ceng Ci |
| 606 | 0 | @a语言学史@x研究 |
| 690 | @aH0-09@v5 | |
| 701 | 0 | @a侍建国@AShi Jian Guo@4著 |
| 801 | @aCN@bTANGWEI@c20130522 | |
| 905 | @b0832764-69@dH0-09@e198@f6 | |
| 历史语言学=Historical linguistics : dialectal comparison and historical strata/侍建国著.-北京:中国社会科学出版社,2011.2 |
| 306页:图;24cm.-(当代语言学理论丛书) |
| ISBN 978-7-5004-9537-6:CNY45.00 |
| 本书在评述19世纪的历史比较法和20世纪的社会语言学研究的基础上,对若干汉语方音的历史层次做了全面的分析,提出并论证了“区域分化”是汉语方音历史演变的基本模式。针对汉语方言独特的、具有历史层次意义的“文白异读”现象,作者论证了这类现象本质上反映了语言社团中不同社会阶层的语言标记,而语言融合则是解释语言演变的过程。 |
| ● |
| 相关链接 |
|
|
|
|
正题名:历史语言学
索取号:H0-09/198
 
预约/预借
| 序号 | 登录号 | 条形码 | 馆藏地/架位号 | 状态 | 备注 |
| 1 | 0832764 | 208327648 | 第二样本阅览室/ [索取号:H0-09/198] | 在馆 | |
| 2 | 0832765 | 208327657 | 密集书库-文学院/ [索取号:H0-09/198] | 在馆 | |
| 3 | 0832766 | 208327666 | 第四借阅区/ [索取号:H0-09/198] | 在馆 | |
| 4 | 0832767 | 208327675 | 第四借阅区/ [索取号:H0-09/198] | 在馆 | |
| 5 | 0832768 | 208327684 | 第四借阅区/ [索取号:H0-09/198] | 在馆 | |
| 6 | 0832769 | 208327693 | 密集书库-文学院/ [索取号:H0-09/198] | 在馆 |